[Event "Let's Play Chess!"]
[Site "http://www.queenalice.com/game.php?id=1861186"]
[Date "2025.8.7"]
[Round "-"]
[White "Mlintz"]
[Black "oldprofessor"]
[Result "0-1"]
[WhiteElo "1848"]
[BlackElo "1992"]

1. d4 Nf6 2. Nc3 d5 3. Nf3 c5 4. dxc5 Nc6 5. e3 e5 6. Bb5 Bg4 7. h3 Bxf3 8. Qxf3
e4 9. Qd1 Bxc5 10. Na4 Bb4+ 11. c3 Be7 12. b3 O-O 13. Nb2 a6 14. Be2 Rc8 15. c4
Bb4+ 16. Bd2 Bxd2+ 17. Qxd2 d4 18. exd4 Qxd4 19. Rd1 Qxd2+ 20. Rxd2 Rcd8 21. Kd1
Nb4 22. a3 e3 23. fxe3 Ne4 24. Rxd8 Rxd8+ 25. Kc1 Na2+ 26. Kb1 Nac3+ 0-1

[Event "Let's Play Chess!"]
[Site "http://www.queenalice.com/game.php?id=1861187"]
[Date "2025.8.7"]
[Round "-"]
[White "oldprofessor"]
[Black "Mlintz"]
[Result "1-0"]
[WhiteElo "2001"]
[BlackElo "1868"]

1. d4 e6 2. c4 c5 3. d5 exd5 4. cxd5 d6 5. Nc3 Nf6 6. e4 Bd7 7. f4 Bg4 8. Qa4+
Bd7 9. Qb3 a6 10. Qxb7 Be7 11. Qxa8 O-O 12. Qb7 h6 13. Qb3 Qc7 14. Nf3 Rc8 15.
Bc4 Qa5 16. Bd2 Qc7 17. O-O Qa7 18. Kh1 Rc7 19. Qd1 a5 20. e5 dxe5 21. fxe5 Nxd5
22. Nxd5 1-0

[Event "AUTO-OPEN-4609"]
[Site "http://www.queenalice.com/game.php?id=1861503"]
[Date "2025.8.12"]
[Round "1"]
[White "harvir"]
[Black "oldprofessor"]
[Result "0-1"]
[WhiteElo "1769"]
[BlackElo "2063"]

1. d4 c6 2. e4 d5 3. e5 c5 4. Nf3 Bg4 5. Be2 e6 6. O-O Nc6 7. c3 Nge7 8. Nbd2
Nf5 9. h3 Bxf3 10. Bxf3 cxd4 11. c4 Nxe5 12. Bh5 g6 13. Be2 d3 14. Bg4 dxc4 15.
Qa4+ Qd7 16. Qa5 Nxg4 17. hxg4 Nd4 18. Ne4 Bg7 19. Bg5 Ne2+ 20. Kh1 h5 21. Bh4
hxg4 22. g3 Qc6 23. Qg5 Rxh4+ 24. Qxh4 Qxe4+ 25. Kh2 Kd7 26. f3 Qxf3 27. Rxf3
gxf3 28. Rf1 Rh8 0-1

[Event "AUTO-OPEN-4609"]
[Site "http://www.queenalice.com/game.php?id=1861504"]
[Date "2025.8.12"]
[Round "1"]
[White "oldprofessor"]
[Black "harvir"]
[Result "0-1"]
[WhiteElo "2047"]
[BlackElo "1686"]

1. d4 Nf6 2. Nc3 e6 3. e4 Bb4 4. e5 Nd5 5. Qg4 O-O 6. Bh6 g6 7. Bxf8 Qxf8 8. Ne2
Nxc3 9. Nxc3 Nc6 10. h4 Ne7 11. h5 Qh6 12. a3 Ba5 13. Rh3 Bxc3+ 14. bxc3 Nf5 15.
hxg6 Qxg6 16. Qf3 d5 17. Bd3 b6 18. Bxf5 Qxf5 19. Qxf5 exf5 20. f4 c5 21. Kd2 c4
0-1

[Event "AUTO-OPEN-4609"]
[Site "http://www.queenalice.com/game.php?id=1861527"]
[Date "2025.8.12"]
[Round "1"]
[White "oldprofessor"]
[Black "juim"]
[Result "1-0"]
[WhiteElo "2017"]
[BlackElo "1596"]

1. d4 e5 2. dxe5 d6 3. Nf3 dxe5 4. Qxd8+ Kxd8 5. Nxe5 Bd6 6. Nxf7+ Kd7 7. Nxh8
Nf6 8. Bg5 Be7 9. Nc3 b6 10. Nf7 h6 11. Bh4 Nc6 12. Bg3 Bb7 13. Ne5+ Nxe5 14.
Bxe5 Ng4 15. Bg3 Rf8 16. O-O-O+ Ke6 17. f3 Ne3 18. Rd3 Nxf1 19. Rxf1 Bf6 20.
Bxc7 Ba6 21. Re3+ Kf7 22. Be5 Bxe5 23. Rxe5 Kg8 24. Rd1 Bc4 25. Rd7 a5 26. Ree7
Bf7 27. Rb7 1-0

[Event "AUTO-OPEN-4609"]
[Site "http://www.queenalice.com/game.php?id=1861528"]
[Date "2025.8.12"]
[Round "1"]
[White "juim"]
[Black "oldprofessor"]
[Result "0-1"]
[WhiteElo "1562"]
[BlackElo "2045"]

1. e4 c6 2. Bc4 d5 3. exd5 cxd5 4. Bb3 Nf6 5. Nf3 Bg4 6. h3 Bh5 7. d3 e6 8. Qe2
Nc6 9. Bg5 Be7 10. O-O Nd4 11. Qe3 Nxf3+ 12. gxf3 h6 13. Bf4 O-O 14. Nc3 d4 15.
Qd2 dxc3 16. Qxc3 Rc8 17. Qd2 Bxf3 18. c4 Nh5 19. Bg3 Bg5 20. Qc3 Bf6 21. Qd2
Qd4 22. Rac1 Nxg3 23. Rfe1 Bg5 24. Qc3 Qxc3 25. Rxc3 Ne2+ 26. Rxe2 Bxe2 27. d4
Bf6 28. Rc2 Bd1 29. Rc3 Bxb3 30. axb3 Bxd4 31. Rc2 Rc5 32. Kg2 Rfc8 33. f3 b5
34. Rd2 e5 35. Rc2 bxc4 36. bxc4 Rxc4 37. Re2 Rc2 38. Rxc2 Rxc2+ 39. Kg3 f5 40.
h4 Bf2+ 41. Kh2 Bxh4+ 42. Kh3 g5 43. b4 Kf7 44. b5 Ke6 0-1

[Event "AUTO-OPEN-4609"]
[Site "http://www.queenalice.com/game.php?id=1861529"]
[Date "2025.8.12"]
[Round "1"]
[White "oldprofessor"]
[Black "jpribeiro"]
[Result "1-0"]
[WhiteElo "2038"]
[BlackElo "1572"]

1. d4 d5 2. c4 e6 3. Nc3 Nf6 4. Bg5 Be7 5. e3 h6 6. Bxf6 Bxf6 7. Nf3 O-O 8. Rc1
c6 9. Bd3 dxc4 10. Bxc4 b5 11. Bd3 b4 12. Ne4 Be7 13. Ne5 f6 14. Ng6 Re8 15. O-O
Ba6 16. Bxa6 Nxa6 17. Rxc6 Nb8 18. Rxe6 Qd7 19. Qb3 Kh7 20. Nxe7 Rxe7 21. Nc5
Qe8 22. Rxe7 Qxe7 23. Qxb4 Nc6 24. Qc3 Rc8 25. Qc2+ Kh8 26. a3 Ne5 27. dxe5 Rxc5
28. exf6 gxf6 29. Qg6 Qf8 30. g3 Rg5 31. Qc2 Rc5 32. Qa4 Qe7 33. Rd1 Rc7 34. Qh4
1-0

[Event "AUTO-OPEN-4609"]
[Site "http://www.queenalice.com/game.php?id=1861530"]
[Date "2025.8.12"]
[Round "1"]
[White "jpribeiro"]
[Black "oldprofessor"]
[Result "0-1"]
[WhiteElo "1623"]
[BlackElo "2034"]

1. e4 c6 2. d4 d5 3. Nc3 dxe4 4. Nxe4 Nf6 5. Nxf6+ exf6 6. a4 Bd6 7. Nf3 O-O 8.
h3 Re8+ 9. Be3 Bf4 10. Qd2 Bxe3 11. fxe3 Bf5 12. O-O-O Nd7 13. Kb1 Nb6 14. g4
Be4 15. Be2 Nxa4 16. Rhf1 Nb6 17. Ka1 Nd5 18. c4 Bxf3 19. Rxf3 Ne7 20. Bd3 Ng6
21. Bb1 Rc8 22. Qf2 Qa5+ 23. Ba2 Qa4 24. Qe2 c5 0-1